000 00886nam a2200277Ia 4500
003 OSt
005 20221006154821.0
006 a|||||r|||| 00| 0
007 ta
008 221006b |||||||| |||| 00| 0 eng d
020 _a9780674028302
_c¥2863
024 _a39,368
037 _bGift, Japan Foundation
_cTextual
040 _aEASL
_cEASL
_beng
041 _2eng
_aeng
082 _aV42.PO5, P6
100 _aSeraphim Franziska
_9667633
245 0 _aWar memory and social politics in Japan, 1945-2005
260 _aCambridge
_bHarvard University Asia Center
_c2006
300 _axv,409p
_ccm.
490 _v JEL
_aHarvard East Asian Monographs ; 278
650 _a Japan- social condition twentyth century
_9667634
650 _aJapan- history
942 _hV42.PO5, P6
_cTEXL
_2CC
999 _c1107454
_d1107454